|
|
|
|
| LEADER |
00000nbm0a2200000 4500 |
| 001 |
174050 |
| 005 |
20231031164601.0 |
| 029 |
0 |
0 |
|a SU
|b 74030952
|f ТПУ
|
| 035 |
|
|
|a (RuTPU)RU\TPU\book\188748
|
| 090 |
|
|
|a 174050
|
| 100 |
|
|
|a 20100118d1974 k y0rusy50 ca
|
| 101 |
0 |
|
|a rus
|
| 102 |
|
|
|a RU
|
| 105 |
|
|
|a a p 001zy
|
| 200 |
1 |
|
|a Метод оптимального планирования мероприятий по охране труда
|e Отчет о НИР
|e Тема : № 0.69.225
|f Томский политехнический институт (ТПИ) ; руководитель В. И. Елгазин
|
| 210 |
|
|
|a Томск
|d 1974
|
| 215 |
|
|
|a 21 л.
|
| 320 |
|
|
|a Библиогр.: с. 21.
|
| 610 |
1 |
|
|a охрана труда
|
| 610 |
1 |
|
|a оптимальное планирование
|
| 610 |
1 |
|
|a распределение средств
|
| 610 |
1 |
|
|a условия труда
|
| 610 |
1 |
|
|a улучшение
|
| 610 |
1 |
|
|a оздоровительный эффект
|
| 610 |
1 |
|
|a травматизм
|
| 610 |
1 |
|
|a вредные факторы
|
| 610 |
1 |
|
|a окружающая среда
|
| 610 |
1 |
|
|a отчеты о НИР
|
| 675 |
|
|
|a 331.82(04)
|v 3
|
| 702 |
|
1 |
|a Елгазин
|b В. И.
|4 673
|
| 712 |
0 |
2 |
|a Томский политехнический институт (ТПИ)
|c (1944-1991)
|2 stltpush
|3 (RuTPU)RU\TPU\col\1123
|4 595
|
| 801 |
|
1 |
|a RU
|b 63413507
|c 20100118
|
| 942 |
|
|
|c BK
|